| Tag |
First Indicator |
Second Indicator |
Subfields |
| LEADER |
00000cam a2200000 i 4500 |
| 001 |
in00000042488 |
| 005 |
20151007072738.0 |
| 008 |
800606s1970 caua j 00110 eng d |
| 020 |
|
|
|a 0514024011
|
| 035 |
|
|
|a (OCoLC)06396157
|
| 035 |
|
|
|9 AAE8477AM
|
| 040 |
|
|
|a TXA
|c TXA
|d UtOrBLW
|
| 049 |
|
|
|a [Curr Col] TXAM
|c 1 [1558755], 2 [1558756], 3 [1558757]
|
| 090 |
|
|
|a H95
|b .G766
|
| 100 |
1 |
|
|a Grossman, Ruth H.
|
| 245 |
1 |
0 |
|a Working, playing, learning /
|c Ruth H. Grossman, John U. Michaelis ; reading consultant, Mildred K. Rudolph.
|
| 264 |
|
1 |
|a Palo Alto, Calif. :
|b Field Educational Publications,
|c [1970]
|
| 264 |
|
4 |
|c ©1970
|
| 300 |
|
|
|a 144 pages :
|b color illustrations ;
|c 26 cm.
|
| 336 |
|
|
|a text
|b txt
|2 rdacontent
|
| 337 |
|
|
|a unmediated
|b n
|2 rdamedia
|
| 338 |
|
|
|a volume
|b nc
|2 rdacarrier
|
| 490 |
1 |
|
|a Field social studies program
|
| 500 |
|
|
|a Gr. 1.
|
| 650 |
|
0 |
|a Social sciences
|v Juvenile literature.
|
| 700 |
1 |
|
|a Michaelis, John Udell,
|d 1912-
|
| 830 |
|
0 |
|a Field social studies program.
|
| 999 |
|
|
|a MARS
|
| 999 |
f |
f |
|s 1593c9c6-7488-30d1-88e2-3d42f356e565
|i 2d793ba1-8136-3555-a3a7-adee17e38a85
|t 0
|
| 952 |
f |
f |
|p ric
|a Texas A&M University
|b Rellis Campus
|c Joint Library Facility
|d Remote Storage
|t 0
|e H95 .G766
|h Library of Congress classification
|i unmediated -- volume
|m A14800215953
|
| 998 |
f |
f |
|a H95 .G766
|t 0
|l Remote Storage
|